000 00212 a2200097 4500
001 9272
100 _aPringle, P.
245 _aGreat discoverers in Modern science
260 _a
_bHarcap
_c
090 _c7441
_d7441
942 _aNUST-CAE
_cM
_c34091
999 _c244345
_d244345